<?xml version="1.0" encoding="UTF-8"?>
<record
    xmlns:xsi="http://www.w3.org/2001/XMLSchema-instance"
    xsi:schemaLocation="http://www.loc.gov/MARC21/slim http://www.loc.gov/standards/marcxml/schema/MARC21slim.xsd"
    xmlns="http://www.loc.gov/MARC21/slim">

  <leader>00892nam a22002057a 4500</leader>
  <datafield tag="999" ind1=" " ind2=" ">
    <subfield code="c">194273</subfield>
    <subfield code="d">194273</subfield>
  </datafield>
  <controlfield tag="005">20230130101301.0</controlfield>
  <datafield tag="010" ind1=" " ind2=" ">
    <subfield code="a">B-747240-241                 E.N.A./7.11.22</subfield>
  </datafield>
  <datafield tag="020" ind1=" " ind2=" ">
    <subfield code="a">9789355010919</subfield>
    <subfield code="c">1499.00</subfield>
  </datafield>
  <datafield tag="035" ind1=" " ind2=" ">
    <subfield code="a">B-747240-241</subfield>
  </datafield>
  <datafield tag="037" ind1=" " ind2=" ">
    <subfield code="b">AKPD</subfield>
  </datafield>
  <datafield tag="082" ind1=" " ind2=" ">
    <subfield code="a">574.87</subfield>
  </datafield>
  <datafield tag="100" ind1=" " ind2=" ">
    <subfield code="a">Verma, S.P.</subfield>
  </datafield>
  <datafield tag="245" ind1=" " ind2=" ">
    <subfield code="a">Cell biology, Genetics, Molecular Biology, Evolution and Ecology/</subfield>
    <subfield code="c">PS Verma and VK Agarwal</subfield>
  </datafield>
  <datafield tag="260" ind1=" " ind2=" ">
    <subfield code="a">New Delhi</subfield>
    <subfield code="b">S Chand and Company Limited</subfield>
    <subfield code="c">2022</subfield>
  </datafield>
  <datafield tag="270" ind1=" " ind2=" ">
    <subfield code="a">Block B-1, House No.D-1, Ground Floor, Mohan Co-operative Industrial Estate,</subfield>
    <subfield code="b">New Delhi</subfield>
    <subfield code="e">110044</subfield>
    <subfield code="k">011-66672000</subfield>
  </datafield>
  <datafield tag="300" ind1=" " ind2=" ">
    <subfield code="a">xxiii,various p.</subfield>
    <subfield code="c">25cm(hbk)</subfield>
  </datafield>
  <datafield tag="700" ind1=" " ind2=" ">
    <subfield code="a">Agarwal, KV</subfield>
  </datafield>
  <datafield tag="942" ind1=" " ind2=" ">
    <subfield code="2">ddc</subfield>
    <subfield code="c">EN</subfield>
    <subfield code="m">VER</subfield>
    <subfield code="h">574.87</subfield>
  </datafield>
  <datafield tag="952" ind1=" " ind2=" ">
    <subfield code="0">0</subfield>
    <subfield code="1">0</subfield>
    <subfield code="4">0</subfield>
    <subfield code="7">0</subfield>
    <subfield code="8">NFIC</subfield>
    <subfield code="a">L</subfield>
    <subfield code="b">L</subfield>
    <subfield code="d">2023-01-30</subfield>
    <subfield code="e">AKPD/A-22/28.11.22/147/23.11.22/2.12.22</subfield>
    <subfield code="g">1499.00</subfield>
    <subfield code="l">10</subfield>
    <subfield code="m">10</subfield>
    <subfield code="o">574.87 VER</subfield>
    <subfield code="p">B-747240</subfield>
    <subfield code="r">2026-04-06 08:58:41</subfield>
    <subfield code="s">2026-02-21</subfield>
    <subfield code="t">1</subfield>
    <subfield code="v">1499.00</subfield>
    <subfield code="y">EN</subfield>
  </datafield>
  <datafield tag="952" ind1=" " ind2=" ">
    <subfield code="0">0</subfield>
    <subfield code="1">0</subfield>
    <subfield code="4">0</subfield>
    <subfield code="7">0</subfield>
    <subfield code="8">NFIC</subfield>
    <subfield code="a">ZLS</subfield>
    <subfield code="b">ZLS</subfield>
    <subfield code="d">2023-01-30</subfield>
    <subfield code="e">AKPD/A-22/28.11.22/147/23.11.22/2.12.22</subfield>
    <subfield code="g">1499.00</subfield>
    <subfield code="l">0</subfield>
    <subfield code="o">574.87 VER</subfield>
    <subfield code="p">B-747241</subfield>
    <subfield code="r">2023-01-30 00:00:00</subfield>
    <subfield code="t">1</subfield>
    <subfield code="v">1499.00</subfield>
    <subfield code="y">EN</subfield>
  </datafield>
</record>
